<?xml version="1.0" encoding="UTF-8"?>
<marc:record xmlns:marc="http://www.loc.gov/MARC21/slim">
   <marc:leader>00000nam a2200000 a 4500</marc:leader>
   <marc:datafield ind1="0" ind2="0" tag="245">
      <marc:subfield code="a">Cold War</marc:subfield>
   </marc:datafield>
   <marc:datafield ind1="0" ind2="0" tag="245">
      <marc:subfield code="b">Der Breitengrad der Liebe</marc:subfield>
   </marc:datafield>
   <marc:datafield ind1="1" ind2=" " tag="520">
      <marc:subfield code="a">Während des polnischen Wiederaufbaus ist der begabte Komponist Wiktor auf der Suche nach traditionellen Melodien für ein neues Tanz- und Musik-Ensemble. Dem Kulturleben seines Landes möchte er so frisches Leben einhauchen. Unter seinen Studentinnen ist auch die Sängerin Zula. Gleich im ersten Augenblick elektrisiert sie Wiktor, schön, hinreißend und energiegeladen ist Zula, und die beiden verlieben sich ineinander. Doch als das Repertoire des Ensembles zunehmend politisiert wird, nutzt Wiktor einen Auftritt in Ostberlin, um in den Westen zu fliehen. Entgegen der Verabredung bleibt Zula zurück, doch das Schicksal führt die beiden Jahre später in Paris erneut zueinander. So flammend ihre Liebe auch noch ist, so zerrissen ist das Paar jetzt und Zula muss eine tiefgreifende Entscheidung treffen.&#xD;
Der Film erzählt von der Liebe eines Paares, das vor dem Hintergrund des Kalten Krieges ohne einander nicht leben kann und miteinander fast keinen Frieden findet. (Verlagstext)</marc:subfield>
   </marc:datafield>
   <marc:datafield ind1=" " ind2=" " tag="338">
      <marc:subfield code="a">Videodisk</marc:subfield>
   </marc:datafield>
   <marc:datafield ind1=" " ind2=" " tag="300">
      <marc:subfield code="a">1 DVD (89 Min.)</marc:subfield>
   </marc:datafield>
</marc:record>
